Matemática ... ¿estás ahí? : más historias sobre números, personajes, problemas, juegos, lógica y reflexiones sobre la matemática :

Guardado en:
Autor Principal: Paenza, Adrián
Formato: Libro
Publicado: Buenos Aires : Siglo Xxi, 2006
Series:Colección Ciencia que ladra / dirigida por Diego Golombek
Materias:
Etiquetas: Agregar Etiqueta
Sin Etiquetas, Sea el primero en etiquetar este registro!
LEADER 00738nam a22002055a 4500
001 CEM.cems012402
005 20081112122345.0
008 130507s2006##################000#0#####d
003 CEMS
020 |a 9871220642 
082 0 4 |a 510.7 
100 1 |a Paenza, Adrián 
245 1 0 |a Matemática ... ¿estás ahí? :  |b más historias sobre números, personajes, problemas, juegos, lógica y reflexiones sobre la matemática :  |c Adrián Paenza 
260 |a Buenos Aires :  |b Siglo Xxi,  |c 2006 
300 |a 240 p. 
490 0 |a Colección Ciencia que ladra / dirigida por Diego Golombek 
653 |a Matemática 
653 |a Matemática-curiosidades 
653 |a Matemática-enseñanza 
859 |a CEMS  |b BIB. CEMS - 11 de abril  |h 510.7  |i P137-1  |p 23719.07  |t Ej.1